000 00469nam a2200181Ia 4500
008 240925s9999 xx 000 0 und d
020 _a9780071632379
082 _a620.104 NEL
100 _a Nelson, E. W.
245 0 _aSchaum's outlines engineering mechanics statics
250 _aNA
260 _aLondon:
_bMcGraw-Hill
_c2010
300 _a288p.
_bNA
_fNA
500 _aIncludes Index
600 _aElectrical Engineering
650 _aTechnology
942 _cBK
999 _c18255
_d18255